00538nam a2200181 a 4500001001300000003000900013005001700022008004100039020002300080082001700103100002000120245007600140260005700216300000900273500003500282505001000317650002900327nice12345678IN_TiNIC20260116014349.0100412s1998 graa grp 000 0 eng  a9780825423550c68500a261.832bDEM aDemy, J Timothy aSuicide a Christian Responseb Crucial Considerations for Choosing Life aGrand Rapids bKregel Academic & Professional c1998 a490p aincludes index and biblioraphy2 aIndex aSuicide-Religious Aspect